[Event "Zagreb Open 2011 Grupo B"]
[Site "Zagreb CRO"]
[Date "2011.04.15"]
[Round "5.12"]
[White "Ivekovic jr, Bozidar"]
[Black "Ivanov, Borislav"]
[Result "1/2-1/2"]
[WhiteElo "2106"]
[BlackElo "2202"]
[PlyCount "91"]
[EventDate "2011.04.11"]
[EventType "swiss"]
[EventRounds "9"]
[EventCountry "CRO"]
[Source "lmi"]
[SourceDate "2011.04.11"]

1. e4 c6 2. d4 d5 3. exd5 cxd5 4. c4 Nf6 5. Nc3 Nc6 6. Nf3 Bg4 7. cxd5 Nxd5 8.
Qb3 Bxf3 9. gxf3 e6 10. Qxb7 Nxd4 11. Bb5+ Nxb5 12. Qc6+ Ke7 13. Qxb5 Qd7 14.
Nxd5+ Qxd5 15. Bg5+ f6 16. Qxd5 exd5 17. Be3 Ke6 18. O-O-O Bb4 19. a3 Rhc8+ 20.
Kb1 Ba5 21. b4 Bb6 22. Rhe1 Kd6 23. Bf4+ Kc6 24. Re6+ Kb5 25. Rxd5+ Ka4 26. Kb2
Rc4 27. Re4 Rac8 28. Rxc4 Rxc4 29. Be3 Rh4 30. Rd7 Rxh2 31. Kc3 g5 32. Rf7 h5
33. Rxf6 Kxa3 34. Bxg5 Rxf2 35. Be3 Rf1 36. Bxb6 axb6 37. f4 Rf3+ 38. Kd4 b5
39. Kc5 Ka4 40. Ra6+ Kb3 41. Rh6 Rxf4 42. Rxh5 Rxb4 43. Rh6 Ka3 44. Ra6+ Kb3
45. Ra5 Rc4+ 46. Kxb5 1/2-1/2

[Event "Zagreb Open 2011 Grupo B"]
[Site "Zagreb CRO"]
[Date "2011.04.15"]
[Round "5.14"]
[White "Raljic, Mirko"]
[Black "Matic, Zeljko"]
[Result "0-1"]
[WhiteElo "2127"]
[BlackElo "2200"]
[PlyCount "96"]
[EventDate "2011.04.11"]
[EventType "swiss"]
[EventRounds "9"]
[EventCountry "CRO"]
[Source "lmi"]
[SourceDate "2011.04.11"]

1. e4 g6 2. Nc3 Bg7 3. g3 c5 4. Bg2 Nc6 5. d3 d6 6. h3 Qd7 7. f4 b6 8. Nge2 Bb7
9. O-O f5 10. exf5 gxf5 11. Kh2 Nf6 12. Nd5 Nxd5 13. Bxd5 e6 14. Bg2 d5 15. Ng1
O-O 16. c3 Rad8 17. Re1 Rf7 18. Nf3 d4 19. c4 Re7 20. Bd2 Rde8 21. Ne5 Nxe5 22.
fxe5 Bxg2 23. Kxg2 b5 24. b3 bxc4 25. bxc4 Rb8 26. Rb1 Rxb1 27. Qxb1 Qb7+ 28.
Qxb7 Rxb7 29. Bc1 Rb1 30. Kf2 Ra1 31. a3 Ra2+ 32. Kf3 h5 33. g4 fxg4+ 34. hxg4
hxg4+ 35. Kxg4 Kf7 36. Kf3 a5 37. Ke4 a4 38. Rf1+ Kg8 39. Rg1 Ra1 40. Rh1 Kf7
41. Rf1+ Ke8 42. Rh1 Bf8 43. Kf3 Be7 44. Kg4 Kd7 45. Rf1 Bd8 46. Rh1 Ba5 47.
Kf3 Kc6 48. Ke4 Bd2 0-1

[Event "Zagreb Open 2011 Grupo B"]
[Site "Zagreb CRO"]
[Date "2011.04.15"]
[Round "5.15"]
[White "Valkovic, Kristian"]
[Black "Muskardin, Mario"]
[Result "1/2-1/2"]
[WhiteElo "2078"]
[BlackElo "2192"]
[PlyCount "37"]
[EventDate "2011.04.11"]
[EventType "swiss"]
[EventRounds "9"]
[EventCountry "CRO"]
[Source "lmi"]
[SourceDate "2011.04.11"]

1. d4 Nf6 2. Nf3 d5 3. Bf4 c5 4. e3 Nc6 5. c3 Qb6 6. Qb3 c4 7. Qxb6 axb6 8. Na3
Bf5 9. Nh4 e6 10. Nxf5 exf5 11. Nc2 Kd7 12. Be2 b5 13. a3 Bd6 14. Bxd6 Kxd6 15.
Bf3 Ne4 16. Bxe4 fxe4 17. Kd2 f5 18. h4 Rhf8 19. g3 1/2-1/2

[Event "Zagreb Open 2011 Grupo B"]
[Site "Zagreb CRO"]
[Date "2011.04.15"]
[Round "5.16"]
[White "Bender, Ivan"]
[Black "Ugrin, Dragan"]
[Result "0-1"]
[WhiteElo "2276"]
[BlackElo "2109"]
[PlyCount "76"]
[EventDate "2011.04.11"]
[EventType "swiss"]
[EventRounds "9"]
[EventCountry "CRO"]
[Source "lmi"]
[SourceDate "2011.04.11"]

1. e4 e5 2. Nf3 Nc6 3. d4 exd4 4. Nxd4 Bc5 5. Nb3 Bb6 6. Nc3 d6 7. Qe2 Nd4 8.
Nxd4 Bxd4 9. Bd2 c6 10. O-O-O Be6 11. Kb1 Nf6 12. Be1 Be5 13. Qe3 Ng4 14. Qd3
g5 15. f3 Nf6 16. Bg3 Qe7 17. Be2 Nd7 18. Bf2 Nc5 19. Qd2 Qf6 20. h4 g4 21. h5
g3 22. Bd4 Rg8 23. Qe3 b6 24. Bf1 O-O-O 25. b4 Nd7 26. Ba6+ Kb8 27. Ne2 c5 28.
Bxe5 Nxe5 29. a3 Bc4 30. Bxc4 Nxc4 31. Qb3 b5 32. bxc5 Ka8 33. cxd6 Rxd6 34.
Qb4 Ra6 35. Rd5 Nxa3+ 36. Kc1 Qa1+ 37. Kd2 Qxh1 38. Ke3 Nxc2+ 0-1

[Event "Zagreb Open 2011 Grupo B"]
[Site "Zagreb CRO"]
[Date "2011.04.15"]
[Round "5.18"]
[White "Levar, Nenad"]
[Black "Mihalinec, Damir"]
[Result "1-0"]
[WhiteElo "2077"]
[BlackElo "2238"]
[PlyCount "57"]
[EventDate "2011.04.11"]
[EventType "swiss"]
[EventRounds "9"]
[EventCountry "CRO"]
[Source "lmi"]
[SourceDate "2011.04.11"]

1. d4 Nf6 2. Nf3 g6 3. c4 Bg7 4. Nc3 d5 5. cxd5 Nxd5 6. e4 Nxc3 7. bxc3 O-O 8.
Be3 c5 9. Qd2 cxd4 10. cxd4 Nc6 11. Rd1 Bg4 12. Be2 Na5 13. O-O Bxf3 14. gxf3
Rc8 15. Rc1 b6 16. d5 Qd7 17. Ba6 Rxc1 18. Rxc1 Qh3 19. Qd1 Be5 20. f4 Bb8 21.
Be2 Qh4 22. Qd2 g5 23. e5 f6 24. d6 exd6 25. exf6 gxf4 26. Qd5+ Kh8 27. Bd4 h5
28. Qe4 Qg5+ 29. Kh1 1-0

[Event "Zagreb Open 2011 Grupo B"]
[Site "Zagreb CRO"]
[Date "2011.04.15"]
[Round "5.19"]
[White "Greb, Nikola"]
[Black "Bozinovic, Bogdan"]
[Result "0-1"]
[WhiteElo "2069"]
[BlackElo "2231"]
[PlyCount "86"]
[EventDate "2011.04.11"]
[EventType "swiss"]
[EventRounds "9"]
[EventCountry "CRO"]
[Source "lmi"]
[SourceDate "2011.04.11"]

1. e4 c5 2. Nc3 Nc6 3. f4 g6 4. Nf3 Bg7 5. Bb5 Nd4 6. Nxd4 cxd4 7. Ne2 Nf6 8.
Bd3 d6 9. Nxd4 Nxe4 10. Bxe4 Bxd4 11. c3 Bg7 12. d4 O-O 13. O-O Rb8 14. f5 b5
15. Qf3 b4 16. Bg5 bxc3 17. bxc3 Ba6 18. Rf2 Bc4 19. Re1 d5 20. Bd3 Bxd3 21.
Qxd3 Rb7 22. Rfe2 Bf6 23. Qd2 Qd6 24. Rf1 Rc8 25. Bxf6 exf6 26. Rfe1 Kg7 27.
Re3 Qf4 28. Rf1 Qg5 29. Qe1 Rb1 30. Qf2 Rb2 31. Re2 Rxe2 32. Qxe2 Rxc3 33. fxg6
hxg6 34. Rd1 Qf5 35. Qd2 Rc2 36. Qe3 Rxa2 37. Rf1 Qe4 38. Qxe4 dxe4 39. Rd1 Kf8
40. Re1 f5 41. g4 Ke7 42. gxf5 gxf5 43. h4 Rd2 0-1

[Event "Zagreb Open 2011 Grupo B"]
[Site "Zagreb CRO"]
[Date "2011.04.15"]
[Round "5.22"]
[White "Vukovic, Ivo"]
[Black "Mesko, Andrej"]
[Result "1-0"]
[WhiteElo "2213"]
[BlackElo "2042"]
[PlyCount "43"]
[EventDate "2011.04.11"]
[EventType "swiss"]
[EventRounds "9"]
[EventCountry "CRO"]
[Source "lmi"]
[SourceDate "2011.04.11"]

1. Nf3 d5 2. b3 Nf6 3. Bb2 Bg4 4. e3 e6 5. c4 c6 6. Be2 Nbd7 7. O-O Bd6 8. d4
O-O 9. Nbd2 Bh5 10. Rc1 Qb8 11. h3 Bg6 12. Nh4 e5 13. Nxg6 hxg6 14. cxd5 Nxd5
15. Ne4 Bc7 16. Bc4 N5b6 17. Be2 Rd8 18. Qc2 Nd5 19. Bc4 N5b6 20. Ng5 Rf8 21.
Qxg6 Nf6 22. Bxf7+ 1-0

[Event "Zagreb Open 2011 Grupo B"]
[Site "Zagreb CRO"]
[Date "2011.04.16"]
[Round "6.1"]
[White "Lasic, Luka"]
[Black "Basaric, Srdan"]
[Result "1/2-1/2"]
[WhiteElo "2209"]
[BlackElo "2166"]
[PlyCount "26"]
[EventDate "2011.04.11"]
[EventType "swiss"]
[EventRounds "9"]
[EventCountry "CRO"]
[Source "lmi"]
[SourceDate "2011.04.11"]

1. Nf3 d6 2. d4 Nd7 3. e4 e5 4. Bc4 c6 5. a4 Be7 6. Nc3 Ngf6 7. Qe2 O-O 8. O-O
b6 9. Rd1 Qc7 10. h3 Bb7 11. Be3 a6 12. Bb3 Rac8 13. Ba2 b5 1/2-1/2

[Event "Zagreb Open 2011 Grupo B"]
[Site "Zagreb CRO"]
[Date "2011.04.16"]
[Round "6.2"]
[White "Naglic Franjkovic, Marko"]
[Black "Vadla, Zeljko"]
[Result "0-1"]
[WhiteElo "2167"]
[BlackElo "2156"]
[PlyCount "170"]
[EventDate "2011.04.11"]
[EventType "swiss"]
[EventRounds "9"]
[EventCountry "CRO"]
[Source "lmi"]
[SourceDate "2011.04.11"]

1. e4 c5 2. Nf3 d6 3. Bb5+ Nd7 4. d4 Ngf6 5. Nc3 cxd4 6. Qxd4 e5 7. Qe3 Be7 8.
O-O O-O 9. b3 a6 10. Bxd7 Bxd7 11. Bb2 Rc8 12. Rac1 b5 13. a3 Rc5 14. Rcd1 Qc7
15. Ne1 Be6 16. Kh1 Rc8 17. Rd3 Qb7 18. f3 h6 19. g3 a5 20. a4 b4 21. Nb5 d5
22. exd5 Nxd5 23. Qe4 f6 24. Rf2 Qb6 25. Kg2 Nc7 26. Nxc7 Qxc7 27. g4 Qc6 28.
Qxc6 R8xc6 29. Re2 Kf7 30. h3 Bd6 31. Red2 Bc7 32. Kf2 g6 33. Ke2 f5 34. Kd1 e4
35. fxe4 fxg4 36. Rf2+ Ke8 37. hxg4 Bxg4+ 38. Kc1 Re6 39. Bg7 Rxe4 40. Ng2 h5
41. Kb1 Be5 42. Rf8+ Ke7 43. Bxe5 Rexe5 44. Rdd8 Bf5 45. Ne3 Rxe3 46. Rde8+ Kd6
47. Rxe3 Bxc2+ 48. Kb2 Bf5 49. Rd8+ Kc7 50. Rd2 h4 51. Rh2 h3 52. Rg3 Kd6 53.
Re2 Re5 54. Rd2+ Ke6 55. Rf2 Re4 56. Kc1 Rh4 57. Rh2 Ke5 58. Kd2 Kf4 59. Rg1
Kf3 60. Ke1 Re4+ 61. Kd2 Rd4+ 62. Ke1 Rd3 63. Rf2+ Ke4 64. Rb2 Kd4 65. Ke2 Be4
66. Ke1 Kc3 67. Re2 Bf5 68. Re5 Kxb3 69. Ke2 Rc3 70. Kf2 Kxa4 71. Ra1+ Ra3 72.
Rd1 Ra2+ 73. Kg3 Rg2+ 74. Kf4 h2 75. Ra1+ Kb3 76. Re3+ Kb2 77. Rae1 Rc2 78. Ke5
a4 79. Kd4 a3 80. Re5 a2 81. Ra5 b3 82. Rh1 Re2 83. Kc4 Be4 84. Ra1 Kxa1 85.
Kc3 h1=Q 0-1

[Event "Zagreb Open 2011 Grupo B"]
[Site "Zagreb CRO"]
[Date "2011.04.16"]
[Round "6.4"]
[White "Matic, Zeljko"]
[Black "Medic, Mirjana"]
[Result "1-0"]
[WhiteElo "2200"]
[BlackElo "2271"]
[PlyCount "101"]
[EventDate "2011.04.11"]
[EventType "swiss"]
[EventRounds "9"]
[EventCountry "CRO"]
[Source "lmi"]
[SourceDate "2011.04.11"]

1. c4 e5 2. g3 d6 3. Bg2 f5 4. Nc3 Nf6 5. d3 g6 6. e4 fxe4 7. dxe4 Bg7 8. Nge2
O-O 9. O-O Be6 10. b3 Nc6 11. h3 Qd7 12. Kh2 Nd4 13. Nxd4 exd4 14. Nd5 c5 15.
Nf4 Bf7 16. Nd3 Rae8 17. Re1 Qc7 18. f4 Nd7 19. Bd2 a6 20. Rc1 b5 21. Nb2 Qb8
22. Qc2 Nb6 23. Bf1 Nd7 24. Qd3 bxc4 25. Nxc4 d5 26. exd5 Bxd5 27. Bg2 Bxg2 28.
Kxg2 Qa8+ 29. Qf3 Qxf3+ 30. Kxf3 Rxe1 31. Rxe1 Rf6 32. Ke4 Bf8 33. Kd5 Kf7 34.
Ba5 Be7 35. Bc7 Rf5+ 36. Kc6 Nf6 37. Bd6 Bd8 38. Bxc5 Rd5 39. Nd6+ Kg8 40. Ne8
Rf5 41. Bxd4 Nh5 42. Nd6 Rf8 43. Re3 Bf6 44. Be5 g5 45. fxg5 Bxg5 46. Re4 Bf6
47. Rg4+ Kh8 48. Bxf6+ Nxf6 49. Rf4 Kg7 50. g4 Rb8 51. Ra4 1-0

[Event "Zagreb Open 2011 Grupo B"]
[Site "Zagreb CRO"]
[Date "2011.04.16"]
[Round "6.6"]
[White "Draganic, Stjepan"]
[Black "Vrsek, Ivan"]
[Result "1-0"]
[WhiteElo "2157"]
[BlackElo "2204"]
[PlyCount "119"]
[EventDate "2011.04.11"]
[EventType "swiss"]
[EventRounds "9"]
[EventCountry "CRO"]
[Source "lmi"]
[SourceDate "2011.04.11"]

1. d4 d5 2. Bf4 Nf6 3. e3 c5 4. c3 Nc6 5. Nf3 Qb6 6. Qb3 c4 7. Qc2 Bf5 8. Qc1
h6 9. Nbd2 e6 10. Be2 Be7 11. Ne5 Nxe5 12. Bxe5 Qc6 13. O-O O-O 14. b3 b5 15.
a4 a6 16. Qb2 Nd7 17. Bg3 Bf6 18. axb5 axb5 19. b4 Nb6 20. Rxa8 Rxa8 21. Ra1
Na4 22. Qc1 Ra6 23. Ra3 Qa8 24. Qa1 Be7 25. f3 g5 26. Be1 Bg6 27. Nf1 h5 28.
Bd2 Bf6 29. Bd1 e5 30. Ng3 exd4 31. exd4 Qa7 32. Nf1 Bd3 33. Ne3 Qd7 34. Qc1
Re6 35. Bxa4 bxa4 36. Qd1 Ra6 37. h3 Bd8 38. Nf1 f5 39. Qe1 Bf6 40. Qd1 h4 41.
f4 Bxf1 42. Qxf1 g4 43. hxg4 fxg4 44. f5 Qe8 45. Qf4 Ra7 46. Ra1 Rg7 47. Qd6
Qf7 48. Rxa4 g3 49. Ra5 Qh5 50. Qe6+ Kh7 51. Ra1 Rf7 52. Rf1 h3 53. gxh3 g2 54.
Rf3 Bh4 55. Qg6+ Qxg6 56. fxg6+ Kxg6 57. Rxf7 Kxf7 58. Kxg2 Kf6 59. Kf3 Kf5 60.
b5 1-0

[Event "Zagreb Open 2011 Grupo B"]
[Site "Zagreb CRO"]
[Date "2011.04.16"]
[Round "6.7"]
[White "Ugrin, Dragan"]
[Black "Kalajzic, Ivan"]
[Result "0-1"]
[WhiteElo "2109"]
[BlackElo "2200"]
[PlyCount "66"]
[EventDate "2011.04.11"]
[EventType "swiss"]
[EventRounds "9"]
[EventCountry "CRO"]
[Source "lmi"]
[SourceDate "2011.04.11"]

1. e4 c6 2. d4 d5 3. Nc3 b5 4. a3 dxe4 5. Nxe4 Nf6 6. Ng5 h6 7. N5f3 Bg4 8. Be2
e6 9. h3 Bf5 10. Ne5 Bd6 11. Ngf3 Qc7 12. O-O Nbd7 13. c4 bxc4 14. Nxc4 O-O 15.
Bd2 Nd5 16. Rc1 Bf4 17. b4 Rac8 18. Re1 Rfd8 19. Bf1 Bxd2 20. Qxd2 N7b6 21. Na5
Ne7 22. Ba6 Rb8 23. b5 Rd6 24. Re5 Nbd5 25. Rc5 Nf6 26. bxc6 Ne4 27. Qe3 Nxc5
28. Rxc5 Rb1+ 29. Bf1 Rd5 30. Qc3 Rxc5 31. Qxc5 Bd3 32. Nd2 Rb5 33. Bxd3 Rxc5
0-1

[Event "Zagreb Open 2011 Grupo B"]
[Site "Zagreb CRO"]
[Date "2011.04.16"]
[Round "6.8"]
[White "Cop, Tomislav"]
[Black "Kinez, Ivo"]
[Result "1-0"]
[WhiteElo "2268"]
[BlackElo "2141"]
[PlyCount "67"]
[EventDate "2011.04.11"]
[EventType "swiss"]
[EventRounds "9"]
[EventCountry "CRO"]
[Source "lmi"]
[SourceDate "2011.04.11"]

1. e4 c5 2. Nf3 d6 3. d4 cxd4 4. Nxd4 Nf6 5. Nc3 g6 6. Be3 Bg7 7. Be2 O-O 8.
Qd2 Nc6 9. O-O-O Bd7 10. f4 Rc8 11. h4 h5 12. Nb3 Qc7 13. Kb1 Rfd8 14. Bf3 Qb8
15. Nd5 b5 16. Rc1 b4 17. f5 Nxd5 18. exd5 Ne5 19. fxg6 fxg6 20. Bh6 Bf6 21.
Be4 Nc4 22. Qd3 Nxb2 23. Qg3 Bg4 24. Bxg6 Kh8 25. Rcf1 Na4 26. Rxf6 exf6 27.
Bxh5 Rg8 28. Bxg4 Qc7 29. Nd4 f5 30. Bg5 fxg4 31. Bf6+ Kh7 32. Qd3+ Kh6 33.
Bg5+ Kh5 34. Ne6 1-0

[Event "Zagreb Open 2011 Grupo B"]
[Site "Zagreb CRO"]
[Date "2011.04.16"]
[Round "6.9"]
[White "Franciskovic, Vinko"]
[Black "Curic, Drazen"]
[Result "0-1"]
[WhiteElo "2132"]
[BlackElo "2264"]
[PlyCount "82"]
[EventDate "2011.04.11"]
[EventType "swiss"]
[EventRounds "9"]
[EventCountry "CRO"]
[Source "lmi"]
[SourceDate "2011.04.11"]

1. e4 c5 2. Nf3 e6 3. d4 cxd4 4. Nxd4 a6 5. c4 Nf6 6. Nc3 Qc7 7. Be2 d6 8. O-O
Nbd7 9. Be3 Be7 10. Rc1 O-O 11. f4 b6 12. Bf3 Bb7 13. g4 Nc5 14. Qc2 Rfc8 15.
g5 Ne8 16. b4 Nd7 17. Qf2 Qd8 18. Bg4 Nf8 19. Nd5 exd5 20. Bxc8 Bxc8 21. cxd5
Bh3 22. Rfe1 Bd7 23. Nc6 Bxc6 24. Bxb6 Qc8 25. Rxc6 Qd7 26. Rec1 f6 27. Qg3
fxg5 28. fxg5 Ng6 29. Bd4 Bd8 30. h4 Rb8 31. Rf1 Rxb4 32. Qf2 Qg4+ 33. Kh2
Qxh4+ 34. Qxh4 Nxh4 35. Rc8 Rxd4 36. Rxd8 Rxe4 37. Kg3 Ng6 38. Rb1 Re3+ 39. Kg4
Re7 40. Rb6 Ne5+ 41. Kg3 Nf7 0-1

[Event "Zagreb Open 2011 Grupo B"]
[Site "Zagreb CRO"]
[Date "2011.04.16"]
[Round "6.10"]
[White "Savic, Miroslav"]
[Black "Havas, Janko"]
[Result "1/2-1/2"]
[WhiteElo "2260"]
[BlackElo "2121"]
[PlyCount "100"]
[EventDate "2011.04.11"]
[EventType "swiss"]
[EventRounds "9"]
[EventCountry "CRO"]
[Source "lmi"]
[SourceDate "2011.04.11"]

1. d4 Nf6 2. c4 g6 3. g3 Bg7 4. Bg2 O-O 5. Nc3 d6 6. Nf3 Nc6 7. e4 Bg4 8. Bg5
h6 9. Be3 e5 10. d5 Nd4 11. h3 Bxf3 12. Bxf3 Nd7 13. Bg2 a5 14. Qd2 Kh7 15. Ne2
Qf6 16. O-O-O Nxe2+ 17. Qxe2 Nc5 18. Bxc5 dxc5 19. Rd3 a4 20. h4 Ra6 21. h5 g5
22. Bh3 Qb6 23. Rhd1 Rd8 24. a3 Qd6 25. Qg4 Kg8 26. Rf3 Qe7 27. Rd2 Rf6 28. Rf5
Qd6 29. Rd3 Qa6 30. Rc3 Rxf5 31. Qxf5 Bf6 32. Bf1 Kg7 33. Rf3 Qd6 34. Be2 Qa6
35. Kb1 Rd6 36. Rc3 Qa5 37. f4 Rb6 38. Kc2 exf4 39. e5 fxg3 40. d6 Rxd6 41.
exd6 Bxc3 42. d7 Bf6 43. Qxf6+ Kxf6 44. d8=Q+ Kg7 45. Qd5 Qe1 46. Qe5+ Kg8 47.
Qe8+ Kg7 48. Qe5+ Kg8 49. Qe8+ Kg7 50. Qe5+ Kg8 1/2-1/2

[Event "Zagreb Open 2011 Grupo B"]
[Site "Zagreb CRO"]
[Date "2011.04.16"]
[Round "6.11"]
[White "Ostovic, Matija"]
[Black "Maslac, Zvonimir"]
[Result "1-0"]
[WhiteElo "2232"]
[BlackElo "2114"]
[PlyCount "65"]
[EventDate "2011.04.11"]
[EventType "swiss"]
[EventRounds "9"]
[EventCountry "CRO"]
[Source "lmi"]
[SourceDate "2011.04.11"]

1. e4 c6 2. d4 d5 3. f3 dxe4 4. fxe4 e5 5. Nf3 exd4 6. Bc4 Qa5+ 7. c3 dxc3 8.
Nxc3 Be6 9. Bxe6 fxe6 10. Qb3 Nd7 11. Qxb7 Rb8 12. Qxc6 Qb6 13. Qxb6 Rxb6 14.
O-O Bc5+ 15. Kh1 Ngf6 16. h3 Nh5 17. Rd1 O-O 18. Bg5 Rxb2 19. Na4 Rb7 20. Rxd7
Rxd7 21. Nxc5 Rdf7 22. Kh2 h6 23. Be3 Rc8 24. Rd1 Nf6 25. Bd4 a5 26. Rb1 Rd8
27. Rb5 Ne8 28. Be5 Nd6 29. Bxd6 Rxd6 30. Rxa5 Rc7 31. Ne5 Rd2 32. Ra8+ Kh7 33.
Nxe6 1-0

[Event "Zagreb Open 2011 Grupo B"]
[Site "Zagreb CRO"]
[Date "2011.04.16"]
[Round "6.12"]
[White "Bozinovic, Bogdan"]
[Black "Ivekovic jr, Bozidar"]
[Result "0-1"]
[WhiteElo "2231"]
[BlackElo "2106"]
[PlyCount "80"]
[EventDate "2011.04.11"]
[EventType "swiss"]
[EventRounds "9"]
[EventCountry "CRO"]
[Source "lmi"]
[SourceDate "2011.04.11"]

1. d4 Nf6 2. Nf3 g6 3. Nc3 d5 4. Bf4 Bg7 5. e3 O-O 6. Be2 c5 7. Ne5 Nc6 8. h4
h5 9. f3 Qb6 10. Na4 Qa5+ 11. c3 cxd4 12. Nxc6 bxc6 13. exd4 Re8 14. b4 Qd8 15.
Be5 Bh6 16. g4 hxg4 17. h5 g5 18. fxg4 Ne4 19. Bd3 f6 20. Bh2 f5 21. gxf5 Bxf5
22. Qc2 g4 23. Nc5 e6 24. Be5 Qg5 25. Bxe4 dxe4 26. Qe2 Rf8 27. Kd1 a5 28. Kc2
axb4 29. cxb4 Ra3 30. Kb2 Rf3 31. Rad1 Bh7 32. Qc4 Qf5 33. Rhg1 Rf2+ 34. Ka1
Ra8 35. a4 Bf8 36. a5 Bxc5 37. Qxc5 Qf3 38. Qc1 e3 39. Qc4 Bf5 40. Rg3 Qxd1+
0-1

[Event "Zagreb Open 2011 Grupo B"]
[Site "Zagreb CRO"]
[Date "2011.04.16"]
[Round "6.15"]
[White "Korov, Zvonko"]
[Black "Vukovic, Ivo"]
[Result "0-1"]
[WhiteElo "2085"]
[BlackElo "2213"]
[PlyCount "86"]
[EventDate "2011.04.11"]
[EventType "swiss"]
[EventRounds "9"]
[EventCountry "CRO"]
[Source "lmi"]
[SourceDate "2011.04.11"]

1. d4 Nf6 2. Nf3 d6 3. e3 Nbd7 4. Bc4 h6 5. O-O g6 6. b3 Bg7 7. Bb2 O-O 8. Nbd2
Re8 9. Bd3 e5 10. Be2 e4 11. Ne1 Qe7 12. c4 h5 13. Nc2 Nh7 14. Rb1 Ndf6 15. d5
Ng5 16. Re1 Bf5 17. Nd4 Bd7 18. Nf1 Bg4 19. Nc2 Bxe2 20. Qxe2 Nd7 21. Bxg7 Kxg7
22. Red1 Ne5 23. Ne1 Qf6 24. Nd2 h4 25. b4 a5 26. b5 b6 27. a3 Qf5 28. Rb3 Nd7
29. Nf1 Nc5 30. Rbb1 h3 31. Ng3 Qf6 32. Qg4 hxg2 33. Kxg2 Rh8 34. h4 Nf3 35.
Nxf3 exf3+ 36. Qxf3 Rxh4 37. Qxf6+ Kxf6 38. Rbc1 Rah8 39. Kf3 Nd7 40. Ne4+ Kg7
41. Nd2 Rh2 42. Rg1 R8h5 43. Rg3 Rf5+ 0-1

[Event "Zagreb Open 2011 Grupo B"]
[Site "Zagreb CRO"]
[Date "2011.04.16"]
[Round "6.19"]
[White "Jelecevic, Ivo"]
[Black "Hibner, Branko"]
[Result "1-0"]
[WhiteElo "2183"]
[BlackElo "2019"]
[PlyCount "55"]
[EventDate "2011.04.11"]
[EventType "swiss"]
[EventRounds "9"]
[EventCountry "CRO"]
[Source "lmi"]
[SourceDate "2011.04.11"]

1. e4 c6 2. d4 d5 3. e5 g6 4. Nf3 Bg4 5. h3 Bxf3 6. Qxf3 e6 7. Bd3 Nd7 8. c3
Bh6 9. Nd2 Qb6 10. Qe2 c5 11. dxc5 Qxc5 12. O-O Bg7 13. Nf3 Ne7 14. Re1 a6 15.
Bf4 h6 16. Qd2 Nc6 17. Rad1 g5 18. Bg3 b5 19. Bb1 Rc8 20. Kh1 Kf8 21. b3 Ne7
22. Rc1 Nb6 23. Nd4 Nc6 24. f4 Nxd4 25. cxd4 Qe7 26. f5 exf5 27. Bxf5 Rd8 28.
Rc6 1-0

[Event "Zagreb Open 2011 Grupo B"]
[Site "Zagreb CRO"]
[Date "2011.04.16"]
[Round "6.20"]
[White "Gorupec, Mladen"]
[Black "Šribar, Peter"]
[Result "1-0"]
[WhiteElo "2025"]
[BlackElo "2164"]
[PlyCount "59"]
[EventDate "2011.04.11"]
[EventType "swiss"]
[EventRounds "9"]
[EventCountry "CRO"]
[Source "lmi"]
[SourceDate "2011.04.11"]

1. e4 c5 2. Nf3 d6 3. d4 cxd4 4. Nxd4 Nf6 5. Nc3 a6 6. Bc4 e6 7. Bb3 b5 8. O-O
b4 9. Na4 Nxe4 10. Re1 d5 11. f3 Nf6 12. Bf4 Bd7 13. Nf5 Qa5 14. c3 bxc3 15.
bxc3 Bxa4 16. Bxa4+ Nbd7 17. Kh1 O-O-O 18. Nd4 Nb6 19. Bb3 Kb7 20. Rb1 Bd6 21.
Bd2 Qc5 22. Be3 Qc7 23. a4 Ka8 24. a5 Nc4 25. Ba4 Nxa5 26. Nxe6 fxe6 27. Bb6
Nd7 28. Bxc7 Bxc7 29. Bxd7 Rxd7 30. Rxe6 1-0

[Event "Zagreb Open 2011 Grupo B"]
[Site "Zagreb CRO"]
[Date "2011.04.16"]
[Round "6.21"]
[White "Strniscak, Tomislav"]
[Black "Bozicevic, Dean"]
[Result "1/2-1/2"]
[WhiteElo "2212"]
[BlackElo "2024"]
[PlyCount "56"]
[EventDate "2011.04.11"]
[EventType "swiss"]
[EventRounds "9"]
[EventCountry "CRO"]
[Source "lmi"]
[SourceDate "2011.04.11"]

1. e4 c5 2. c3 d6 3. d4 Nf6 4. dxc5 Nc6 5. Qc2 dxc5 6. Nf3 Qc7 7. Be3 e6 8. h3
Be7 9. Be2 O-O 10. O-O b6 11. Nbd2 Bb7 12. Rfd1 Rfd8 13. Bg5 Rd7 14. Nc4 Rad8
15. Rxd7 Rxd7 16. e5 Nd5 17. Bxe7 Ncxe7 18. Bd3 h6 19. Bh7+ Kf8 20. Be4 g6 21.
Nd6 Bc6 22. Qd2 Ng8 23. Qc2 Nde7 24. Bxc6 Qxc6 25. Rd1 Nc8 26. Nxc8 Qxc8 27.
Rd3 Qd8 28. Rxd7 Qxd7 1/2-1/2

[Event "Zagreb Open 2011 Grupo B"]
[Site "Zagreb CRO"]
[Date "2011.04.16"]
[Round "6.23"]
[White "Bakalar, Jan"]
[Black "Vitaljic, Nebojsa"]
[Result "1/2-1/2"]
[WhiteElo "2061"]
[BlackElo "2152"]
[PlyCount "37"]
[EventDate "2011.04.11"]
[EventType "swiss"]
[EventRounds "9"]
[EventCountry "CRO"]
[Source "lmi"]
[SourceDate "2011.04.11"]

1. e4 c5 2. Nc3 g6 3. d3 Nc6 4. Be3 d6 5. g3 Bg7 6. Bg2 Bd7 7. Qd2 b5 8. Nd1 a5
9. f4 a4 10. a3 b4 11. Ne2 h5 12. h3 Qc8 13. d4 cxd4 14. Nxd4 Nxd4 15. Bxd4 e5
16. Be3 bxa3 17. Rxa3 Ne7 18. Rd3 Ra6 19. c3 1/2-1/2

[Event "Zagreb Open 2011 Grupo B"]
[Site "Zagreb CRO"]
[Date "2011.04.16"]
[Round "6.24"]
[White "Bozicevic, Ivan"]
[Black "Starcevic, Kresimir"]
[Result "0-1"]
[WhiteElo "2011"]
[BlackElo "2151"]
[PlyCount "62"]
[EventDate "2011.04.11"]
[EventType "swiss"]
[EventRounds "9"]
[EventCountry "CRO"]
[Source "lmi"]
[SourceDate "2011.04.11"]

1. d4 Nf6 2. c4 c5 3. d5 g6 4. Nc3 Bg7 5. e4 d6 6. f3 e6 7. Bg5 exd5 8. cxd5
O-O 9. Bd3 a6 10. a4 Re8 11. Nge2 Nbd7 12. O-O Ne5 13. Bc2 Bd7 14. Qc1 b5 15.
f4 Nc4 16. b3 Na5 17. e5 dxe5 18. fxe5 Rxe5 19. Qf4 Rxg5 20. Qxg5 b4 21. Na2
Bg4 22. Ng3 Qxd5 23. Qxd5 Nxd5 24. Rae1 Bd4+ 25. Kh1 Ne3 26. Rf2 Nxc2 27. Rxc2
Nxb3 28. Nc1 Nxc1 29. Rcxc1 b3 30. Ne4 b2 31. Rc4 Be6 0-1

[Event "Zagreb Open 2011 Grupo B"]
[Site "Zagreb CRO"]
[Date "2011.04.16"]
[Round "7.3"]
[White "Kalajzic, Ivan"]
[Black "Lasic, Luka"]
[Result "0-1"]
[WhiteElo "2200"]
[BlackElo "2209"]
[PlyCount "138"]
[EventDate "2011.04.11"]
[EventType "swiss"]
[EventRounds "9"]
[EventCountry "CRO"]
[Source "lmi"]
[SourceDate "2011.04.11"]

1. d4 d6 2. Nc3 Nf6 3. Bg5 Nbd7 4. Qd2 c6 5. Nf3 h6 6. Bxf6 Nxf6 7. e4 Qc7 8.
e5 Ng8 9. d5 e6 10. dxc6 bxc6 11. Nd4 Rb8 12. exd6 Bxd6 13. g3 Ne7 14. O-O-O
Bb4 15. a3 Bxc3 16. Qxc3 O-O 17. Bg2 Qb6 18. Nxc6 Nxc6 19. Bxc6 Ba6 20. Bd7
Qxf2 21. Rd2 Qb6 22. Rhd1 Bb7 23. Rd6 Qf2 24. Qd2 Qf5 25. Qf4 Qa5 26. Qd2 Qh5
27. Bc6 Bxc6 28. Rxc6 Rxb2 29. Kxb2 Qb5+ 30. Qb4 Qxc6 31. Rd6 Qc7 32. Kc1 Rb8
33. Rc6 Qe5 34. Qc3 Qg5+ 35. Kd1 Rd8+ 36. Ke2 Qh5+ 37. Kf1 Qh3+ 38. Ke1 Kh7 39.
Rc8 Rd5 40. Rc5 Qxh2 41. Rxd5 Qh1+ 42. Kf2 Qxd5 43. Qc7 Qf5+ 44. Kg2 e5 45. c4
e4 46. c5 Qf3+ 47. Kg1 e3 48. Qf4 Qd1+ 49. Kg2 Qd5+ 50. Qf3 Qxc5 51. Qxf7 Qc2+
52. Kf1 Qd3+ 53. Kg2 Qe4+ 54. Qf3 Qc2+ 55. Kf1 Qf2+ 56. Qxf2 exf2 57. Kxf2 Kg6
58. Kf3 Kg5 59. Kf2 Kg4 60. Kg2 a5 61. Kf2 a4 62. Kg2 h5 63. Kf2 g6 64. Kg2 g5
65. Kh2 Kf3 66. Kh3 Kf2 67. g4 h4 68. Kh2 Kf3 69. Kh3 Kf4 0-1